| 000 | 00875cam a22002653a 4500 | ||
|---|---|---|---|
| 001 | 26787 | ||
| 003 | PGUSA | ||
| 005 | 20140828083558.0 | ||
| 008 | 081006s2008||||xxu|||||s|||||000 p eng d | ||
| 040 |
_aPGUSA _beng |
||
| 042 | _adc | ||
| 050 | 4 | _aPR | |
| 245 | 1 | 0 |
_aAlf the Freebooter, Little Danneved and Swayne Trost, and Other Ballads _h[electronic resource] |
| 260 |
_bProject Gutenberg, _c2008 |
||
| 505 | 0 | _aSir Alf the Freebooter -- Little Danneved and Swayne Trost -- Sir Pall, Sir Bear, and Sir Liden -- Belardo's wedding -- The yew tree. | |
| 506 | _aPublic domain in the USA. | ||
| 516 | _aElectronic text | ||
| 653 | _aEnglish poetry | ||
| 653 | _aBallads | ||
| 700 | 1 |
_aBorrow, George, _d1803-1881 |
|
| 700 | 1 |
_aWise, Thomas James, _d1859-1937 |
|
| 830 | 0 |
_aProject Gutenberg _v26787 |
|
| 856 | 4 | 0 | _uhttp://www.gutenberg.org/ebooks/26787 |
| 942 | _cEB | ||
| 999 |
_c256042 _d256042 |
||